00241nam a2200097Ia 4500008004100000082001900041100002800060245002500088260002200113300000800135150731s1996 xx 000 0 und d a615.53bA 95 S aSARASVATI SATYA PRAKASH aATHARVA-VEDA SAMHITA bVED PRAKASHc1996 a403